Todo tiempo futuro

Guardat en:
Dades bibliogràfiques
Autor principal: Sáez Pardo, Guillermo (Autor)
Format: Llibre
Idioma:espanyol
Publicat: Viña del Mar Ediciones Altazor 2012
Matèries:
Etiquetes: Afegir etiqueta
Sense etiquetes, Sigues el primer a etiquetar aquest registre!

MARC

LEADER 00000cam a2200000 a 4500
001 UCF8686
003 CL-VaPUC
008 130930e20120000cl |||||||||||||||||spa|d
020 |a 9789569205101 
082 0 4 |a Ch863  |b SAE  |2 21 
100 0 |a Sáez Pardo, Guillermo  |e author  |9 570828 
245 1 0 |a Todo tiempo futuro 
300 |a 93 p 
942 |c BK 
945 |d 20130930 13:19:00  |a dcastane 
260 |a Viña del Mar  |b Ediciones Altazor  |c 2012 
650 0 |a Cuentos chilenos   |9 308280 
650 0 |a Literatura chilena   |9 308278 
583 |a last modification  |c 20150924 22:06:40  |k Rodrigo Vera 
999 |c 353253  |d 353251 
952 |0 0  |1 0  |3 erb  |4 0  |6 CH_863_000000000000000_SAE_2012  |7 0  |8 A  |9 458352  |a BIBEDU  |b BIBEDU  |d 2019-11-23  |i 5012732  |l 3  |m 1  |o Ch863 SAE 2012  |p 5012732  |r 2023-03-10  |s 2023-03-07  |w 2019-11-23  |y BK  |z Catalogado en:20130930  |k LIT